Úloha a postavenie spoločenskej zodpovednosti podniku v konkurenčnom prostredí

Zhodnotenie úlohy a postavenia spoločenskej zodpovednosti vybraného podniku vo vzťahu ku konkurenčnému prostrediu. V rámci práce príspevku sa realizovall sociálny audit spoločenskej zodpovednosti podniku prostredníctvom dotazníkového prieskumu.

Enregistré dans:
Détails bibliographiques
Auteur principal: Ubrežiová, Iveta
Format: Chapitre de livre
Langue:slovaque
Sujets:
Tags: Ajouter un tag
Pas de tags, Soyez le premier à ajouter un tag!

MARC

LEADER 00000naa a2200000 4500
001 0183851
005 20231204120132.2
041 0 |a slo 
044 |a SK 
245 1 0 |a Úloha a postavenie spoločenskej zodpovednosti podniku v konkurenčnom prostredí  |c Iveta Ubrežiová 
520 |a Zhodnotenie úlohy a postavenia spoločenskej zodpovednosti vybraného podniku vo vzťahu ku konkurenčnému prostrediu. V rámci práce príspevku sa realizovall sociálny audit spoločenskej zodpovednosti podniku prostredníctvom dotazníkového prieskumu. 
610 2 0 |a konkurencia 
610 2 0 |a prieskum podnikateľský 
610 2 0 |a podnikanie zodpovedné 
610 2 0 |a zodpovednosť spoločenská 
100 1 |a Ubrežiová, Iveta